Hiszpańskie czasowniki (polski) - Statystyki

Ogólne statystyki
  • Ten quiz został rozwiązany 49 razy
    28 od ostatniego zresetowania
  • Średni wynik to 11 z 15
Statystyki odpowiedzi
Hint Odpowiedź % Poprawnych
Pić Beber
100%
Mówić Hablar
100%
Jeść Comer
92%
Być (ogólnie) Ser
92%
Mieć Tener
92%
Lubić Gustar
83%
Robić Hacer
83%
Iść Ir
83%
Grać Jugar
83%
Chcieć Querer
75%
Żyć, Mieszkać Vivir
75%
Używać Usar
67%
Myśleć Pensar
58%
Umieć, Wiedzieć Saber
50%
Musieć Deber
8%
Nie znaleziono quizów pasujących do podanych kryteriów
Rozkład punktacji
Procent ludzi z każdym wynikiem
Percentyl według liczby udzielonych odpowiedzi
Twoja historia wyników
Nie rozwiązałeś tego quizu od ostatniego zresetowania